000 03232nam0a2200409 4500
001 RU\NLR\BIBL_A\012062003
005 20191002102635.0
010 _a978-5-93116-207-2
_9500
021 _aRU
_bКН-П-19-047347
_9КН-П-19-3453
035 _a(NLR Aleph) 012062003
035 _a(RuMoRGB)010022410
090 _a11710134
_c11710134
100 _a20190723d2019 k y0rusy50 ca
101 0 _arus
_deng
102 _aRU
105 _aa z 100zy
200 1 _aДинамика социальной среды как фактор развития потребности в новых профессионалах в сфере социальной работы и организации работы с молодежью
_eмеждународная научно-практическая конференция, 28-29 марта 2019 г., [г. Нижний Новгород]
_fМинистерство науки и высшего образования Российской Федерации, Федеральное учебно-методическое объединение по укрупненной группе специальностей и направлений подготовки "Социология и социальная работа" [и др.
_gпод общей редакцией проф. З. Х. Саралиевой]
210 _aНижний Новгород
_cИзд-во НИСОЦ
_d2019
215 _a792 с.
_cил., табл., цв. ил.
_d21
300 _aРез. англ.
320 _aБиблиогр. в конце ст.
606 1 _aСоциальная работа
_jСъезды, совещания и т.п
_2nlr_sh1
_2nlr_sh2
_3RU\NLR\AUTH\661223020
606 1 _aМолодежь
_xСоциализация
_jСъезды, совещания и т.п
_2nlr_sh1
_2nlr_sh2
_3RU\NLR\AUTH\661016767
606 1 _aСоциальная политика
_yРоссийская Федерация
_jСъезды, совещания и т.п
_2nlr_sh1
_2nlr_sh2
_3RU\NLR\AUTH\661248939
686 1 _aС550.473я431
686 1 _aС550.9я431
686 1 _aС550.325.1я431
686 1 _aУ27(2)2(2Р)я431
702 1 _aСаралиева
_bЗ. Х.-М.
_gЗарэтхан Хаджи-Мурзаевна
_3RU\NLR\AUTH\7712039
_4340
711 1 2 _a"Динамика социальной среды как фактор развития потребности в новых профессионалах в сфере социальной работы и организации работы с молодежью", международная научно-практическая конференция
_f2019
_eНижний Новгород
_3RU\NLR\AUTH\880506181
712 0 2 _aФедеральное учебно-методическое объединение по укрупненной группе специальностей и направлений подготовки "Социология и социальная работа"
_cМосква
_3RU\NLR\AUTH\880499817
_4570
942 _cBOOK
980 _aNBR
980 _aNB